000 00508nam a2200193Ia 4500
005 20250423100011.0
008 250422s9999 xx 000 0 und d
020 _a9781464126116
050 _aQP 514.2.N45/
100 _aNelson, David L.
245 0 _aLehninger principles of boichemistry
250 _a7th ed.
260 _a New York
260 _bW. H. Freeman & Company
260 _c2017
300 _a1172 p
650 _aBiochemistry. Biochemistry--Problems, exercises, etc.
942 _cBK
999 _c31981
_d31981